| 000 | 00957nam a2200241Ii 4500 | ||
|---|---|---|---|
| 003 | JO-AjNU | ||
| 005 | 20250722114933.0 | ||
| 008 | 230605s9999||||xx |||||||||||||| ||und|| | ||
| 017 | _a2020/14 | ||
| 020 | _a978-9957-94-579-4 | ||
| 040 |
_aJO-AjNU _bara _erda _cJO-AjNU |
||
| 041 | _aara | ||
| 050 | 1 | 4 | _aPJ7571 2020 |
| 100 | 3 |
_aأبو الشعر،عقيل؛ ترجمة عدنان عبد الحميد كاظم, _eauthor _962633 |
|
| 245 | 0 | 0 |
_aإرادة الله: رواية شرقية عادات شرقية معاصرة وفظائع الاستبداد التركي في فلسطين / _cتأليف عقيل ابو الشعر؛ ترجمة وملاحظات عدنان عبد الحميد كاظم |
| 264 | 3 | 1 | _aعمان: وزارة الثقافة، 2020 |
| 300 | _a264ص | ||
| 336 |
_atext _btxt _2rdacontent |
||
| 337 |
_aunmediated _bn _2rdamedia |
||
| 338 |
_avolume _bnc _2rdacarrier |
||
| 650 | 4 |
_aروايات-تاريخ _962634 |
|
| 942 |
_2lcc _cBK |
||
| 999 |
_c31939 _d31939 |
||